Top 30 : XXXTENTACION - Statistiques

Statistiques générales
  • Ce quiz a été pris 83 fois
  • Le résultat moyen est 11 sur 30
Statistiques - réponses
Top Titres Featuring % Correct
1 SAD!
94%
3 Moonlight
85%
4 Fuck Love Trippie Redd
79%
2 Jocelyn Flores
74%
14 BAD!
71%
8 Look At Me!
66%
9 Falling Down - Bonus Track Lil Peep
63%
7 Hope
61%
6 Revenge
48%
10 changes
42%
27 True Love Kanye West
40%
18 NUMB
39%
16 Arms Around You Maluma, Lil Pump, Swae Lee
31%
15 Again Noah Cyrus
29%
22 bad vibes forever PnB Rock, Trippie Redd
27%
5 Everybody Dies In Their Nightmares
26%
26 infinity (888) Joey Bada$$
26%
28 Save Me
24%
17 Carry On
21%
30 Ex Bitch
21%
12 Roll in Peace Kodak Black
21%
20 Take A Step Back Ski Mask The Slump God
21%
11 the remedy for a broken heart (why am I so in love)
21%
25 RIP Roach Ski Mask The Slump God
18%
19 YuNg BrAtZ
18%
24 Depression & Obsession
16%
23 Riot
16%
13 I Don't Wanna Do This Anymore
15%
21 whoa (mind in awe)
11%
29 Scared of the Dark Lil Wayne, Ty Dolla $ign
8%
Aucun quiz correspondant
Distribution des résultats
% des personnes avec chaque résultat
Percentile par nombre de réponses
Votre historique - résultats
Vous n’avez pas pris ce quiz